000 00912nam a22001935i 4500
001 156537
003 ES-MaACL
005 20250815062539.0
008 040802s1881 sz a |||| | fre d
040 _aCAM
_bspa
_cCAM
100 1 _aKaltbrunner, David.
_9128423
245 1 0 _aAide-mémoire du voyagueur
_b: notions générales de géographie mathématique, de géographie physique, de géographie politique, de géologie, de biologie et d'anthropologie a l'usage des voyageurs, des étudents et des gens du monde /
_cpar D. Kaltbrunner.
260 _aZurich [etc] :
_bJ. Wurster & c\pie\s éditeurs [etc],
_c1881 (
_eFrauenfeld :
_fImprimerie J. Huber)
300 _aXII,525 p., XXV h. de lám. ;
_c21 cm.
599 _aLas h. de lám. mapas a doble pag. a color.
650 7 _aGeografía
_2embne
_913070
852 _aES-MaACL
_jG-5924
_z-- Enc. tela
_z-- Legado de M. de la Fuente
999 _c156537
_d156537